<?xml version="1.0" encoding="UTF-8"?>
<collection xmlns="http://www.loc.gov/MARC21/slim">
 <record>
  <leader>00421pamaa2200133   4500</leader>
  <controlfield tag="001">0000041973</controlfield>
  <controlfield tag="005">20070522090000.0</controlfield>
  <datafield tag="020" ind1="0" ind2="0">
   <subfield code="a">9834166222 (pbk) </subfield>
  </datafield>
  <datafield tag="090" ind1="0" ind2="0">
   <subfield code="a">HD1382.5 </subfield>
   <subfield code="b">DOS 2005</subfield>
  </datafield>
  <datafield tag="100" ind1="1" ind2="0">
   <subfield code="a">DOSHI </subfield>
  </datafield>
  <datafield tag="245" ind1="1" ind2="0">
   <subfield code="a">How You Can Become A Multi Millionaire Real Estate Investor!  </subfield>
   <subfield code="c">Milan Doshi.</subfield>
  </datafield>
  <datafield tag="260" ind1="0" ind2="0">
   <subfield code="a">Kuala Lumpur: </subfield>
   <subfield code="b">Achievers Resource Centre Sdn. Bhd., </subfield>
   <subfield code="c">2005.</subfield>
  </datafield>
  <datafield tag="300" ind1=" " ind2=" ">
   <subfield code="a">324p.: </subfield>
   <subfield code="b">ill.; </subfield>
   <subfield code="c">25 cm.</subfield>
  </datafield>
  <datafield tag="650" ind1="0" ind2="0">
   <subfield code="a">Real estate investment </subfield>
  </datafield>
 </record>
</collection>
